00750nam a2200181 a 450000100100000000500170001000800410002704000250006811000860009324500430017926000550022230000210027750400280029804900090032695201050033595201110044099900170055100002584120200930024106.0110223s1997 dr 000 0 spa d aDO-SdBNPbspacBNPHU2 aRepública DominicanabContraloría General de la República Dominicana95267210aSistema de contabilidad gubernamental. aSanto Domingo :bEditorial Amigo del Hogar,c1997. a143 P. ;c27 cm. aBibliografía : p. 143 aBNPD 0010718PDaPDbPDcHDd2011-02-23iLF1l0o p25841-10r2020-06-25w2020-06-25yLFPDZNo se presta 0010718PDaPDbPDcHDd2015-02-05iLF1l0o p25841-20r2020-06-25te. 2w2020-06-25yLFPDZNo se presta c25333d25333